000 00932nam a2200265Ia 4500
003 OSt
005 20221005104813.0
006 a|||||r|||| 00| 0
007 ta
008 221004b |||||||| |||| 00| 0 hin d
020 _a8188808121 (hbk)
_c400
024 _a13896
037 _b694/1, 28/02/2014, Vidyanidhi Prakashan
_cTextual
040 _aCRL
_cCRL
_bhin
041 _2hin
_ahin
082 _aO15,2D35:g, 152P3
100 _aतिवारी, वीरेन्द्र
245 0 _aउदयन कथा
246 _aUdayan kathā
260 _aदिल्ली
_bशिवालिक प्रकाशन भारत
_c2003
300 _a153पृ0
_ccm.
650 _aसंस्कृत साहित्य
942 _hO15,2D35:g, 152P3
_cTEXL
_2cc
999 _c1013846
_d1013846